000
00333 a2200157 4500
001
177814
020
_a
040
_c
Magnum
100
_a
Ferreira, Jose Roberto Martins
240
1
0
_a
Historia/6 serie
_l
por
245
1
0
_a
Historia/6 serie
362
0
_a
1899
440
1
_a
FTD
697
_a
MAGNITO: PARADIDATICO
942
_c
BK
999
_c
177814
_d
177814